000 00376nam a2200169Ia 4500
005 20240702114242.0
008 131103s9999 xx 000 0 und d
040 _aLoreto College
041 _aEnglish
082 _a745
_bBAS
245 _aBasket weaving
260 _aLondon
_bSearch
_c1972
300 _a30p.
_b pic.
650 _aCraft
850 _aLCBED
942 _cBK
999 _c35850
_d86329